[Event "Czech Open GM 2019"]
[Site "Pardubice"]
[Date "2019.07.23"]
[Round "5.28"]
[White "Vyskocil, Neklan"]
[Black "Murko, David"]
[Result "1-0"]
[WhiteElo "2304"]
[BlackElo "2192"]
[Annotator "TA"]
[PlyCount "125"]
[EventDate "2019.07.19"]
[EventType "swiss"]
[EventCountry "CZE"]
[SourceTitle "playchess.com"]
[Source "ChessBase"]
[SourceQuality "1"]

1. d4 Nf6 2. c4 c5 3. d5 e6 4. Nc3 exd5 5. cxd5 d6 6. Nf3 g6 7. Nd2 a6 8. a4 Nbd7 9. g3 Bg7 10. Bg2 O-O 11. O-O Ne8 12. Qc2 f5 13. a5 Rb8 14. Nc4 Ne5 15. Nb6 Bd7 16. f4 Ng4 17. e3 Bb5 18. Re1 Nc7 19. Bf3 Nf6 20. Bd2 Re8 21. e4 fxe4 22. Nxe4 Nxe4 23. Bxe4 Bd4+ 24. Kg2 Qf6 25. Bc3 Na8 26. Bxd4 Qxd4 27. Na4 Kg7 28. Nc3 Nc7 29. Rad1 Qf6 30. Qd2 Bd7 31. Bf3 Nb5 32. Ne4 Qf8 33. b4 c4 34. Qb2+ c3 35. Nxc3 Qf6 36. Na4 Qxb2+ 37. Nxb2 Rbc8 38. Rxe8 Bxe8 39. Rd2 Rc1 40. Nd3 Rc3 41. Nf2 Rb3 42. Ne4 Rxb4 43. Ng5 Bf7 44. Re2 Nd4 45. Re7 Rb2+ 46. Kh3 Nxf3 47. Nxf3 Kf8 48. Rc7 Bxd5 49. Ng5 Bc6 50. Nxh7+ Kg8 51. Nf6+ Kf8 52. g4 Rb5 53. Kh4 Rxa5 54. f5 gxf5 55. g5 Re5 56. g6 Re7 57. Rc8+ Be8 58. Nxe8 Rxe8 59. g7+ Kxg7 60. Rxe8 Kf6 61. Kg3 b5 62. Kf4 a5 63. Ra8 1-0

[Event "Czech Open GM 2019"]
[Site "Pardubice"]
[Date "2019.07.23"]
[Round "5.28"]
[White "Godzwon, Iwo"]
[Black "Haba, Petr"]
[Result "0-1"]
[WhiteElo "2285"]
[BlackElo "2458"]
[Annotator "ChessBase"]
[PlyCount "96"]
[EventDate "2019.07.19"]
[EventType "swiss"]
[EventCountry "CZE"]
[SourceTitle "playchess.com"]
[Source "ChessBase"]
[SourceQuality "1"]

1. e4 c6 2. d4 d5 3. Nd2 dxe4 4. Nxe4 Bf5 5. Ng3 Bg6 6. h4 h6 7. Nf3 e6 8. h5 Bh7 9. Bd3 Bxd3 10. Qxd3 Nf6 11. Bd2 Be7 12. O-O-O c5 13. Ne4 cxd4 14. Nxd4 Nbd7 15. Nxf6+ Nxf6 16. Qb5+ Qd7 17. Qxd7+ Kxd7 18. Nf3 Ke8 19. Ne5 Rc8 20. Be3 Bc5 21. Bxc5 Rxc5 22. Rd8+ Kxd8 23. Nxf7+ Ke7 24. Nxh8 Nxh5 25. Ng6+ Kf6 26. Nh4 Nf4 27. g3 Nd3+ 28. Kb1 Ne5 29. c3 Rd5 30. Kc1 g5 31. Ng2 Kg6 32. f4 Ng4 33. fxg5 hxg5 34. Re1 Kf5 35. Kc2 Rd7 36. c4 e5 37. b4 e4 38. Ne3+ Nxe3+ 39. Rxe3 Ke5 40. Kc3 Rf7 41. c5 Rf3 42. Kd2 Kd4 43. Rxf3 exf3 44. g4 a6 45. a3 Kc4 46. Ke3 Kb3 47. Kxf3 Kxa3 48. Ke4 Kxb4 0-1

[Event "Czech Open GM 2019"]
[Site "Pardubice"]
[Date "2019.07.23"]
[Round "5.29"]
[White "Ratsma, Rosa"]
[Black "Teclaf, Pawel"]
[Result "1/2-1/2"]
[WhiteElo "2282"]
[BlackElo "2454"]
[Annotator "ChessBase"]
[PlyCount "55"]
[EventDate "2019.07.19"]
[EventType "swiss"]
[EventCountry "CZE"]
[SourceTitle "playchess.com"]
[Source "ChessBase"]
[SourceQuality "1"]

1. e4 c5 2. Nf3 e6 3. d4 cxd4 4. Nxd4 a6 5. Bd3 Bc5 6. Nb3 Ba7 7. O-O Nc6 8. Qe2 d6 9. Be3 Nf6 10. Bxa7 Rxa7 11. N1d2 O-O 12. a4 e5 13. Rad1 Qc7 14. Nc4 Be6 15. Rfe1 Raa8 16. Nbd2 Rad8 17. Nf3 Nb4 18. Ng5 Bg4 19. Nf3 Bd7 20. b3 b5 21. axb5 Bxb5 22. Qd2 Qc5 23. Nh4 d5 24. exd5 Rxd5 25. Nxe5 Nxc2 26. Qxc2 Rxe5 27. Rxe5 Qxe5 28. Nf3 1/2-1/2

[Event "Czech Open GM 2019"]
[Site "Pardubice"]
[Date "2019.07.23"]
[Round "5.29"]
[White "Debevec, Blaz"]
[Black "Dowgird, Filip"]
[Result "1/2-1/2"]
[WhiteElo "2195"]
[BlackElo "2298"]
[Annotator "NA"]
[PlyCount "94"]
[EventDate "2019.07.19"]
[EventType "swiss"]
[EventCountry "CZE"]
[SourceTitle "playchess.com"]
[Source "ChessBase"]
[SourceQuality "1"]

1. d4 Nf6 2. c4 d6 3. Nf3 Nbd7 4. Nc3 e5 5. g3 Be7 6. Bg2 O-O 7. O-O c6 8. e4 Re8 9. h3 a6 10. a4 a5 11. Be3 Bf8 12. Qc2 exd4 13. Bxd4 Nc5 14. Rfe1 Nfd7 15. Rad1 Qb6 16. e5 dxe5 17. Nxe5 Nxe5 18. Bxe5 Be6 19. Bf1 Qb4 20. Rd4 h6 21. Red1 Qb3 22. Qc1 Bf5 23. Bd6 Bxd6 24. Rxd6 Nxa4 25. Nxa4 Qxa4 26. Qf4 Qc2 27. g4 Bg6 28. R6d2 Qe4 29. Qxe4 Bxe4 30. Rd7 c5 31. Bg2 b6 32. R1d6 Rab8 33. Ra7 Bxg2 34. Kxg2 Re4 35. b3 Rf4 36. Kg3 Rf6 37. Rxf6 gxf6 38. Ra6 Kg7 39. f3 Kg6 40. Kf4 Rb7 41. h4 f5 42. h5+ Kf6 43. gxf5 Rb8 44. Ra7 Rd8 45. Rb7 Rd4+ 46. Ke3 Rd6 47. Kf4 Rd4+ 1/2-1/2

[Event "Czech Open GM 2019"]
[Site "Pardubice"]
[Date "2019.07.23"]
[Round "5.30"]
[White "Frolov, Artur"]
[Black "Mertanen, Janne"]
[Result "1-0"]
[WhiteElo "2453"]
[BlackElo "2281"]
[Annotator "TA"]
[PlyCount "101"]
[EventDate "2019.07.19"]
[EventType "swiss"]
[EventCountry "CZE"]
[SourceTitle "playchess.com"]
[Source "ChessBase"]
[SourceQuality "1"]

1. d4 Nf6 2. Nf3 c5 3. c4 cxd4 4. Nxd4 e5 5. Nb5 d5 6. cxd5 Bc5 7. e3 O-O 8. N5c3 e4 9. Be2 Qe7 10. a3 Rd8 11. b4 Bd6 12. Bb2 Be5 13. Qb3 Nbd7 14. Nd2 Nb6 15. Nc4 Nxc4 16. Bxc4 Bf5 17. Nb5 Bxb2 18. Qxb2 Nxd5 19. O-O Bg4 20. h3 Bd7 21. Rfd1 Bxb5 22. Bxb5 Nf6 23. Bc4 h5 24. Rd4 Rxd4 25. Qxd4 a5 26. Rd1 axb4 27. axb4 Kf8 28. Bb5 Rc8 29. g3 Qc7 30. Bf1 Ke7 31. Qa1 Rd8 32. Rc1 Qd6 33. Rc5 Kf8 34. Qc3 g6 35. Rc7 Rd7 36. Rxd7 Nxd7 37. Qc8+ Ke7 38. Qxb7 f5 39. Bb5 Ke6 40. Qc8 Ke7 41. Bxd7 Qxd7 42. Qc5+ Kf7 43. Qd4 Qc6 44. h4 Qb5 45. Qb2 Kg8 46. Qf6 Qe8 47. b5 Kh7 48. Qb2 Qd7 49. b6 Qb7 50. Qb5 Kh6 51. Qe5 1-0

[Event "Czech Open GM 2019"]
[Site "Pardubice"]
[Date "2019.07.23"]
[Round "5.30"]
[White "Myshakov, Fyodor"]
[Black "Zhuravlev, Stepan"]
[Result "1/2-1/2"]
[WhiteElo "2295"]
[BlackElo "2182"]
[Annotator "NA"]
[PlyCount "107"]
[EventDate "2019.07.19"]
[EventType "swiss"]
[EventCountry "CZE"]
[SourceTitle "playchess.com"]
[Source "ChessBase"]
[SourceQuality "1"]

1. c4 e6 2. Nc3 d5 3. cxd5 exd5 4. d4 Nf6 5. Nf3 c6 6. Bg5 Nbd7 7. e3 Be7 8. Bd3 Nh5 9. Bxe7 Qxe7 10. O-O g6 11. Re1 O-O 12. e4 dxe4 13. Bxe4 Qd8 14. d5 cxd5 15. Bxd5 Nb6 16. Bb3 Bg4 17. Qxd8 Raxd8 18. Re7 Rd7 19. Rae1 Bxf3 20. gxf3 Rfd8 21. Bxf7+ Kf8 22. Rxd7 Rxd7 23. Bb3 Rd2 24. Re2 Rd3 25. Ne4 Nf4 26. Re3 Rd4 27. Ng5 Nbd5 28. Re4 Rd2 29. Nxh7+ Kg7 30. Ng5 Rxb2 31. h4 Rb1+ 32. Kh2 Rb2 33. Nh3 Nxh3 34. Kxh3 Nc3 35. Re7+ Kf6 36. Rxb7 Rxf2 37. Kg3 Rd2 38. Rxa7 Ne2+ 39. Kf2 Nd4+ 40. Ke3 Nxb3 41. axb3 Rh2 42. Ra4 Kf5 43. Rc4 Ke5 44. b4 Kf6 45. b5 Rb2 46. Rc5 Rh2 47. b6 Rb2 48. Rc6+ Kf5 49. Kd4 Rb3 50. Kc4 Rb2 51. Kc5 Rb3 52. Kd6 Rxf3 53. b7 Rb3 54. Kc7 1/2-1/2

[Event "Czech Open GM 2019"]
[Site "Pardubice"]
[Date "2019.07.23"]
[Round "5.31"]
[White "Novik, Maxim"]
[Black "Caletka, Radomir"]
[Result "1/2-1/2"]
[WhiteElo "2450"]
[BlackElo "2286"]
[Annotator "ChessBase"]
[PlyCount "72"]
[EventDate "2019.07.19"]
[EventType "swiss"]
[EventCountry "CZE"]
[SourceTitle "playchess.com"]
[Source "ChessBase"]
[SourceQuality "1"]

1. Nf3 d5 2. g3 Nf6 3. Bg2 e6 4. O-O c5 5. d3 Nc6 6. Nbd2 Be7 7. e4 O-O 8. Re1 b5 9. e5 Nd7 10. Nf1 Bb7 11. h4 Qc7 12. Bf4 Rfc8 13. c3 a5 14. h5 h6 15. N1h2 Qd8 16. Qd2 d4 17. c4 bxc4 18. dxc4 Ra7 19. Bf1 a4 20. a3 Na5 21. Rad1 Nb3 22. Qc2 Bc6 23. Bd3 Rb8 24. Qe2 Rab7 25. Ng4 Kh8 26. Ngh2 Na5 27. Rd2 Rb3 28. Rc2 Nf8 29. Rd1 Nh7 30. Bc1 R3b7 31. Ne1 Nb3 32. f4 Na1 33. Rcd2 Nb3 34. Rc2 Na1 35. Rcd2 Nb3 36. Rc2 Na1 1/2-1/2

[Event "Czech Open GM 2019"]
[Site "Pardubice"]
[Date "2019.07.23"]
[Round "5.31"]
[White "Zetocha, Adrian"]
[Black "Kenneskog, Theodor"]
[Result "0-1"]
[WhiteElo "2193"]
[BlackElo "2284"]
[Annotator "NA"]
[PlyCount "46"]
[EventDate "2019.07.19"]
[EventType "swiss"]
[EventCountry "CZE"]
[SourceTitle "playchess.com"]
[Source "ChessBase"]
[SourceQuality "1"]

1. d4 Nf6 2. c4 g6 3. Nc3 d5 4. Bg5 Ne4 5. Bh4 Nxc3 6. bxc3 dxc4 7. e3 Be6 8. Be2 Bg7 9. Nh3 f6 10. Nf4 Bf7 11. Rb1 O-O 12. Bg4 Qd6 13. Bg3 Qa6 14. O-O f5 15. Bf3 c6 16. Bh4 e6 17. Rb4 Nd7 18. Qc2 e5 19. Rfb1 b5 20. Nh3 e4 21. Be2 Nb6 22. R4b2 Na4 23. Rb4 Rfe8 0-1

[Event "Czech Open GM 2019"]
[Site "Pardubice"]
[Date "2019.07.23"]
[Round "5.32"]
[White "Braeuer, Franz"]
[Black "Szustakowski, Antoni"]
[Result "1-0"]
[WhiteElo "2445"]
[BlackElo "2279"]
[Annotator "NA"]
[PlyCount "118"]
[EventDate "2019.07.19"]
[EventType "swiss"]
[EventCountry "CZE"]
[SourceTitle "playchess.com"]
[Source "ChessBase"]
[SourceQuality "1"]

1. e4 c5 2. Nf3 d6 3. d4 cxd4 4. Nxd4 Nf6 5. Nc3 a6 6. Be3 Ng4 7. Bc1 Nf6 8. Be3 Ng4 9. Bg5 h6 10. Bc1 Nf6 11. Bc4 e6 12. Bb3 Nbd7 13. f4 Nc5 14. e5 dxe5 15. fxe5 Nxb3 16. axb3 Bc5 17. Be3 Nd5 18. Nxe6 Bxe6 19. Bxc5 Nxc3 20. Qxd8+ Rxd8 21. bxc3 Rd5 22. Bd6 f6 23. c4 Rd4 24. O-O f5 25. Rfd1 Re4 26. Re1 Rxe1+ 27. Rxe1 Kf7 28. Rd1 Rd8 29. Kf2 g5 30. Ke3 f4+ 31. Kd4 Bf5 32. Rd2 Ke6 33. Rf2 Rc8 34. c5 h5 35. c4 h4 36. h3 Bg6 37. b4 Be8 38. Rb2 Ra8 39. Ra2 Rc8 40. Rb2 Ra8 41. b5 axb5 42. cxb5 Ra4+ 43. Kc3 Ra7 44. c6 bxc6 45. b6 Rb7 46. Kd4 c5+ 47. Kxc5 Bg6 48. Bc7 Be4 49. Kd4 Bd5 50. Rc2 f3 51. gxf3 Bxf3 52. Rf2 g4 53. Rxf3 gxf3 54. Ke3 Kd7 55. Kxf3 Rxc7 56. bxc7 Kxc7 57. Kg4 Kd7 58. Kxh4 Ke6 59. Kg5 Kd5 1-0

[Event "Czech Open GM 2019"]
[Site "Pardubice"]
[Date "2019.07.23"]
[Round "5.32"]
[White "Tate, Alan"]
[Black "Frolov, Aleksey G."]
[Result "1-0"]
[WhiteElo "2283"]
[BlackElo "2174"]
[Annotator "NA"]
[PlyCount "141"]
[EventDate "2019.07.19"]
[EventType "swiss"]
[EventCountry "CZE"]
[SourceTitle "playchess.com"]
[Source "ChessBase"]
[SourceQuality "1"]

1. Nf3 Nf6 2. c4 g6 3. Nc3 d5 4. cxd5 Nxd5 5. e4 Nxc3 6. dxc3 Qxd1+ 7. Kxd1 Nd7 8. Bf4 c6 9. h4 h5 10. Bd3 Nc5 11. Bc2 Be6 12. Be3 O-O-O+ 13. Kc1 Bh6 14. Bxh6 Rxh6 15. Rd1 Rhh8 16. Rd4 f6 17. Kd2 Bg4 18. Ke3 Bxf3 19. Kxf3 e5 20. Rxd8+ Rxd8 21. Ke3 Ne6 22. g3 Kd7 23. f4 Ke7 24. Rf1 Rg8 25. Bb3 Rg7 26. Bc4 b5 27. Bb3 Nc5 28. Bd1 f5 29. Bf3 exf4+ 30. gxf4 fxe4 31. Bxe4 Kd6 32. Bc2 Ke7 33. Kd4 Kd6 34. Rg1 Ne6+ 35. Ke3 Nf8 36. Kf3 Ke7 37. Rg5 Kf6 38. Rc5 Rc7 39. Be4 Ne6 40. Rxc6 Rxc6 41. Bxc6 b4 42. Ke3 bxc3 43. bxc3 Nc5 44. Be4 Ne6 45. a3 Nc7 46. Bc6 Ne6 47. Bd7 Nc5 48. Bc8 Ke7 49. Kd4 Nb3+ 50. Kd3 Nc5+ 51. Ke3 Kd8 52. Bh3 Ke7 53. Kd4 Kd6 54. f5 gxf5 55. Bxf5 Nb3+ 56. Kd3 Nc1+ 57. Ke3 Nb3 58. Bg6 Na5 59. Kd3 Nc6 60. Bxh5 Ne7 61. Bf3 Ng6 62. h5 Ne5+ 63. Ke4 Ke6 64. Be2 Kf6 65. Kd5 Nd7 66. c4 Nb6+ 67. Kc6 Na4 68. c5 Nc3 69. Bf3 Nb1 70. a4 Nd2 71. Bd1 1-0

[Event "Czech Open GM 2019"]
[Site "Pardubice"]
[Date "2019.07.23"]
[Round "5.33"]
[White "Cukrowski, Filip"]
[Black "Wilschut, Peter"]
[Result "1-0"]
[WhiteElo "2421"]
[BlackElo "2279"]
[Annotator "NA"]
[PlyCount "57"]
[EventDate "2019.07.19"]
[EventType "swiss"]
[EventCountry "CZE"]
[SourceTitle "playchess.com"]
[Source "ChessBase"]
[SourceQuality "1"]

1. c4 Nf6 2. Nc3 b6 3. e4 e5 4. f4 d6 5. Nf3 Bg4 6. d4 exd4 7. Qxd4 Bxf3 8. gxf3 Nh5 9. Be3 Nd7 10. O-O-O Be7 11. Bh3 O-O 12. Rhg1 Nc5 13. Nd5 Ne6 14. Qc3 c6 15. Nxe7+ Qxe7 16. f5 Nc5 17. Rg5 Nf6 18. Rdg1 g6 19. R5g2 Qe5 20. Bd4 Qf4+ 21. Kb1 Qh6 22. Bxf6 Qxh3 23. Be7 Rfc8 24. fxg6 hxg6 25. Rxg6+ fxg6 26. Rxg6+ Kf7 27. Qf6+ Ke8 28. Rg8+ Kd7 29. Qxd6# 1-0

[Event "Czech Open GM 2019"]
[Site "Pardubice"]
[Date "2019.07.23"]
[Round "5.33"]
[White "Kushko, Dmitriy"]
[Black "Daniel, Damian"]
[Result "1-0"]
[WhiteElo "2281"]
[BlackElo "2166"]
[Annotator "NA"]
[PlyCount "63"]
[EventDate "2019.07.19"]
[EventType "swiss"]
[EventCountry "CZE"]
[SourceTitle "playchess.com"]
[Source "ChessBase"]
[SourceQuality "1"]

1. Nf3 Nf6 2. g3 d5 3. Bg2 e6 4. O-O Be7 5. c4 O-O 6. d4 b6 7. Nc3 Bb7 8. Ne5 Na6 9. Bf4 c5 10. dxc5 Nxc5 11. cxd5 exd5 12. Rc1 Rc8 13. Nb5 a6 14. Na7 Rc7 15. b4 Ne6 16. Nac6 Bxc6 17. Nxc6 Rxc6 18. Rxc6 Nxf4 19. gxf4 Bxb4 20. Qd3 Bc5 21. Qxa6 Ng4 22. Qd3 d4 23. a4 Qe7 24. Rc1 Qa7 25. Bf3 Nf6 26. Qb5 Qb8 27. R6xc5 bxc5 28. Qxb8 Rxb8 29. a5 Rb5 30. Ra1 Ne8 31. Bc6 Rb8 32. a6 1-0

[Event "Czech Open GM 2019"]
[Site "Pardubice"]
[Date "2019.07.23"]
[Round "5.34"]
[White "Plischki, Sebastian"]
[Black "Zlatin, Alexander"]
[Result "1-0"]
[WhiteElo "2420"]
[BlackElo "2270"]
[Annotator "NA RC"]
[PlyCount "101"]
[EventDate "2019.07.19"]
[EventType "swiss"]
[EventCountry "CZE"]
[SourceTitle "playchess.com"]
[Source "ChessBase"]
[SourceQuality "1"]

1. d4 Nf6 2. c4 g6 3. g3 Bg7 4. Bg2 O-O 5. Nc3 d6 6. Nf3 c5 7. d5 e6 8. O-O exd5 9. cxd5 a6 10. a4 Bg4 11. Nd2 Ne8 12. Nc4 b6 13. Re1 Ra7 14. h3 Bc8 15. e4 f6 16. f4 Re7 17. Be3 a5 18. Qd2 Na6 19. g4 Nb4 20. f5 Ba6 21. b3 Bxc4 22. bxc4 Nc7 23. Bf4 g5 24. Bg3 Rd7 25. Rad1 h6 26. Bf3 Qe7 27. Re2 Kf7 28. h4 Ke8 29. hxg5 hxg5 30. Rh2 Kd8 31. e5 fxe5 32. Ne4 Bf6 33. Rh6 Ne8 34. Nxf6 Nxf6 35. Qxg5 e4 36. Bh4 Kc7 37. Be2 Ng8 38. Qxe7 Nxe7 39. Re6 Nxf5 40. gxf5 Rxf5 41. Rf1 Rg7+ 42. Kh2 Rxf1 43. Bxf1 Nc2 44. Rxe4 Nd4 45. Re7+ Rxe7 46. Bxe7 Nf3+ 47. Kg3 Nd2 48. Bd3 b5 49. cxb5 c4 50. Bc2 Kd7 51. Bf6 1-0

[Event "Czech Open GM 2019"]
[Site "Pardubice"]
[Date "2019.07.23"]
[Round "5.34"]
[White "Budrewicz, Krzysztof"]
[Black "Novotny, Michal"]
[Result "1-0"]
[WhiteElo "2188"]
[BlackElo "2280"]
[Annotator "NA"]
[PlyCount "125"]
[EventDate "2019.07.19"]
[EventType "swiss"]
[EventCountry "CZE"]
[SourceTitle "playchess.com"]
[Source "ChessBase"]
[SourceQuality "1"]

1. d4 e6 2. c4 d5 3. Nf3 Nf6 4. Nc3 Bb4 5. Qa4+ Nc6 6. e3 O-O 7. Qc2 a6 8. a3 Bxc3+ 9. Qxc3 Ne7 10. b3 Ne4 11. Qc2 Bd7 12. Bd3 f5 13. O-O Ng6 14. a4 Bc6 15. Ba3 Rf7 16. Ne5 Nxe5 17. dxe5 Rd7 18. Rad1 d4 19. exd4 Rxd4 20. f3 Ng5 21. Bb2 Rd7 22. h4 Bxf3 23. hxg5 Bxd1 24. Rxd1 Qxg5 25. Bc1 Qg3 26. Be2 Rad8 27. Rf1 Rd4 28. Rf3 Qh4 29. Be3 Re4 30. Bf1 h6 31. Bf2 Qg5 32. c5 Rg4 33. c6 b6 34. Rd3 Rc8 35. Rd4 Rxd4 36. Bxd4 Qf4 37. Qc4 Kf7 38. b4 Rd8 39. Bf2 Qxc4 40. Bxc4 b5 41. axb5 axb5 42. Bf1 Rd5 43. Bb6 Rd1 44. Bxc7 Rc1 45. Bd6 Rxc6 46. Bxb5 Rc1+ 47. Kf2 f4 48. Bd3 Rc3 49. Be2 g5 50. b5 Rb3 51. Bc7 g4 52. b6 g3+ 53. Ke1 Ke8 54. Bf3 Kd7 55. Bd6 Rxb6 56. Bf8 Rb1+ 57. Ke2 Rb2+ 58. Kd3 h5 59. Ke4 h4 60. Kxf4 h3 61. gxh3 g2 62. Bc5 Rc2 63. Be3 1-0

[Event "Czech Open GM 2019"]
[Site "Pardubice"]
[Date "2019.07.23"]
[Round "5.35"]
[White "Lalic, Bogdan"]
[Black "Krak, Tomas"]
[Result "1/2-1/2"]
[WhiteElo "2411"]
[BlackElo "2274"]
[Annotator "NA"]
[PlyCount "31"]
[EventDate "2019.07.19"]
[EventType "swiss"]
[EventCountry "CZE"]
[SourceTitle "playchess.com"]
[Source "ChessBase"]
[SourceQuality "1"]

1. d4 Nf6 2. c4 c5 3. d5 e6 4. Nc3 exd5 5. cxd5 d6 6. Nf3 g6 7. Nd2 a6 8. a4 Nbd7 9. e4 Bg7 10. Be2 O-O 11. O-O Re8 12. f4 Rb8 13. Kh1 Qc7 14. a5 b5 15. axb6 Nxb6 16. Ra3 1/2-1/2

[Event "Czech Open GM 2019"]
[Site "Pardubice"]
[Date "2019.07.23"]
[Round "5.35"]
[White "Kumala, Aleksander"]
[Black "Haring, Viktor"]
[Result "1-0"]
[WhiteElo "2184"]
[BlackElo "2278"]
[Annotator "NA"]
[PlyCount "71"]
[EventDate "2019.07.19"]
[EventType "swiss"]
[EventCountry "CZE"]
[SourceTitle "playchess.com"]
[Source "ChessBase"]
[SourceQuality "1"]

1. d4 Nf6 2. Bg5 d5 3. Bxf6 exf6 4. e3 Bd6 5. g3 O-O 6. Bg2 c6 7. Ne2 b5 8. O-O Nd7 9. e4 dxe4 10. Bxe4 Bb7 11. Nd2 g6 12. c4 f5 13. Bg2 a6 14. a4 Re8 15. Re1 Bb4 16. Nc3 Rxe1+ 17. Qxe1 bxc4 18. Nxc4 a5 19. Rd1 Nf6 20. Qe5 Ba6 21. Nd2 Ng4 22. Qf4 Qb6 23. h3 Nf6 24. Qe5 Nd7 25. Qe3 Rd8 26. g4 Nf6 27. gxf5 Qxd4 28. Nde4 Qxd1+ 29. Nxd1 Rxd1+ 30. Kh2 Nxe4 31. Bxe4 Bd6+ 32. Kg2 Bf1+ 33. Kf3 Kg7 34. Qc3+ Kh6 35. Qc2 Ra1 36. Qd2+ 1-0

[Event "Czech Open GM 2019"]
[Site "Pardubice"]
[Date "2019.07.23"]
[Round "5.36"]
[White "Koykka, Pekka"]
[Black "Jeet, Jain"]
[Result "0-1"]
[WhiteElo "2402"]
[BlackElo "2258"]
[Annotator "NA"]
[PlyCount "66"]
[EventDate "2019.07.19"]
[EventType "swiss"]
[EventCountry "CZE"]
[SourceTitle "playchess.com"]
[Source "ChessBase"]
[SourceQuality "1"]

1. d4 d5 2. c4 e6 3. Nc3 Be7 4. Nf3 Nf6 5. Bf4 O-O 6. e3 b6 7. cxd5 Nxd5 8. Nxd5 Qxd5 9. Be2 Qa5+ 10. Nd2 Ba6 11. Bf3 Nd7 12. Bxa8 Rxa8 13. Qc2 c5 14. d5 exd5 15. a3 Bf6 16. O-O-O c4 17. Nf3 c3 18. Nd4 Rc8 19. Kb1 b5 20. Bd6 Qb6 21. Bb4 cxb2 22. Qf5 Ne5 23. Kxb2 Bb7 24. Nb3 a5 25. Nxa5 Nc4+ 26. Kb1 Nxa5 27. Rxd5 g6 28. Qd7 Qe6 29. Qxe6 fxe6 30. Rd2 Nb3 31. Re2 Be4+ 32. Ka2 Nc1+ 33. Rxc1 Rxc1 0-1

[Event "Czech Open GM 2019"]
[Site "Pardubice"]
[Date "2019.07.23"]
[Round "5.36"]
[White "Ahn, Hongjin"]
[Black "Weishaeutel, Moritz"]
[Result "1/2-1/2"]
[WhiteElo "2177"]
[BlackElo "2276"]
[Annotator "NA"]
[PlyCount "83"]
[EventDate "2019.07.19"]
[EventType "swiss"]
[EventCountry "CZE"]
[SourceTitle "playchess.com"]
[Source "ChessBase"]
[SourceQuality "1"]

1. c4 c5 2. Nc3 Nc6 3. e3 Nf6 4. Nf3 g6 5. d4 cxd4 6. exd4 d5 7. cxd5 Nxd5 8. Qb3 Nxc3 9. Bc4 Nd5 10. Bxd5 e6 11. Bxc6+ bxc6 12. O-O Qd5 13. Be3 f6 14. Nd2 Bd6 15. Rfc1 O-O 16. Rc2 Rb8 17. Qc3 Bd7 18. Nb3 e5 19. Qc4 Rb4 20. Qxd5+ cxd5 21. dxe5 fxe5 22. Bxa7 Rb7 23. Bc5 Bf5 24. Rd2 Bxc5 25. Nxc5 Rb5 26. Rc1 d4 27. Na4 Rbb8 28. f3 Rfc8 29. Rxc8+ Rxc8 30. Kf2 Kf7 31. g4 Be6 32. b4 Ra8 33. Nc5 Rxa2 34. Rxa2 Bxa2 35. b5 Ke7 36. b6 Kd6 37. b7 Kc7 38. Nd7 Kxb7 39. Nxe5 Kc7 40. f4 Kd6 41. Nf3 Kd5 42. Nd2 1/2-1/2

[Event "Czech Open GM 2019"]
[Site "Pardubice"]
[Date "2019.07.23"]
[Round "5.37"]
[White "Iliaguev, Kafar"]
[Black "Hrabusa, Matej"]
[Result "0-1"]
[WhiteElo "2276"]
[BlackElo "2397"]
[Annotator "NA"]
[PlyCount "46"]
[EventDate "2019.07.19"]
[EventType "swiss"]
[EventCountry "CZE"]
[SourceTitle "playchess.com"]
[Source "ChessBase"]
[SourceQuality "1"]

1. Nf3 f5 2. d4 Nf6 3. Nc3 d5 4. Bg5 e6 5. e3 Be7 6. Be2 O-O 7. O-O a6 8. Ne5 c5 9. a4 Nc6 10. Nxc6 bxc6 11. Nb1 Qb6 12. Ra2 cxd4 13. exd4 c5 14. c3 Bd6 15. Bxf6 Rxf6 16. dxc5 Qxc5 17. b4 Qc7 18. h3 Bb7 19. Qb3 Kh8 20. Bf3 g5 21. Re1 Rg8 22. c4 g4 23. Qc3 d4 0-1

[Event "Czech Open GM 2019"]
[Site "Pardubice"]
[Date "2019.07.23"]
[Round "5.37"]
[White "Zeman, Matyas"]
[Black "Voinikonis, Nikita"]
[Result "1/2-1/2"]
[WhiteElo "2275"]
[BlackElo "2137"]
[Annotator "NA"]
[PlyCount "44"]
[EventDate "2019.07.19"]
[EventType "swiss"]
[EventCountry "CZE"]
[SourceTitle "playchess.com"]
[Source "ChessBase"]
[SourceQuality "1"]

1. d4 d5 2. Nc3 e6 3. e4 dxe4 4. Nxe4 Bd7 5. Nf3 Bc6 6. Bd3 Nd7 7. Qe2 Ngf6 8. O-O Bxe4 9. Bxe4 Nxe4 10. Qxe4 c6 11. c4 Be7 12. b3 O-O 13. Bb2 Re8 14. Rfd1 Qc7 15. Rac1 Bf8 16. Qg4 Rad8 17. d5 exd5 18. cxd5 Nb6 19. dxc6 Rxd1+ 20. Rxd1 Qxc6 21. Qd4 Re2 22. Rd2 Rxd2 1/2-1/2

[Event "Czech Open GM 2019"]
[Site "Pardubice"]
[Date "2019.07.23"]
[Round "5.38"]
[White "Maetzkow, Maximilian Paul"]
[Black "Rakesh Kumar Jena"]
[Result "1-0"]
[WhiteElo "2274"]
[BlackElo "2395"]
[Annotator "NA"]
[PlyCount "83"]
[EventDate "2019.07.19"]
[EventType "swiss"]
[EventCountry "CZE"]
[SourceTitle "playchess.com"]
[Source "ChessBase"]
[SourceQuality "1"]

1. e4 c6 2. d4 g6 3. Be3 Bg7 4. Nc3 d6 5. Qd2 Qc7 6. f3 Nd7 7. g4 b5 8. Nce2 Bb7 9. O-O-O Nb6 10. Ng3 Nc4 11. Bxc4 bxc4 12. N1e2 Nf6 13. h4 h5 14. g5 Nd7 15. f4 c5 16. Rhf1 Qb6 17. f5 Rb8 18. Qc3 Qa6 19. f6 exf6 20. gxf6 Nxf6 21. dxc5 O-O 22. Rxf6 Qxa2 23. Nxh5 dxc5 24. Nxg7 Qa1+ 25. Kd2 Rfd8+ 26. Nd4 Qa4 27. Ngf5 gxf5 28. Ke2 cxd4 29. Bxd4 Rxd4 30. Qg3+ Kf8 31. Qxb8+ Kg7 32. Qg3+ Kxf6 33. Qg5+ Ke6 34. Qxf5+ Ke7 35. Qe5+ Kf8 36. Qxd4 Qxc2+ 37. Rd2 Qxe4+ 38. Qxe4 Bxe4 39. Rd4 Bc6 40. Ke3 Bb5 41. Kf4 Kg7 42. Rd6 1-0

[Event "Czech Open GM 2019"]
[Site "Pardubice"]
[Date "2019.07.23"]
[Round "5.38"]
[White "Pacan-Milej, Kosma"]
[Black "Ponnio, Toni"]
[Result "1-0"]
[WhiteElo "2272"]
[BlackElo "2102"]
[Annotator "NA"]
[PlyCount "112"]
[EventDate "2019.07.19"]
[EventType "swiss"]
[EventCountry "CZE"]
[SourceTitle "playchess.com"]
[Source "ChessBase"]
[SourceQuality "1"]

1. d4 Nf6 2. c4 e6 3. Nc3 Bb4 4. Qc2 d5 5. cxd5 exd5 6. Bg5 c5 7. dxc5 h6 8. Bh4 g5 9. Bg3 Ne4 10. e3 Qa5 11. Nge2 Bf5 12. Be5 O-O 13. Nd4 Re8 14. Bxb8 Raxb8 15. Nxf5 Nxc3 16. Bd3 Ne4+ 17. Kf1 Bxc5 18. h4 Bf8 19. hxg5 hxg5 20. Qe2 Qd2 21. Qxd2 Nxd2+ 22. Ke2 Nc4 23. Rh5 f6 24. Rah1 Kf7 25. b3 Ne5 26. Rh7+ Ke6 27. Nd4+ Kd6 28. Bf5 Nc6 29. Nxc6 bxc6 30. Rxa7 Ra8 31. Rhh7 Rxa7 32. Rxa7 Kc5 33. Kd3 Bd6 34. Rb7 Bb8 35. a4 Rd8 36. b4+ Kd6 37. Kd4 Bc7 38. a5 Rb8 39. a6 Rxb7 40. axb7 Bb6+ 41. Kd3 Bc7 42. f4 gxf4 43. exf4 Ke7 44. g3 Bb8 45. Ke3 Kd6 46. g4 Ba7+ 47. Kf3 Kc7 48. Bc8 Bd4 49. g5 fxg5 50. fxg5 c5 51. b5 Bg7 52. Be6 d4 53. Bd5 Kb8 54. Ke4 Kc7 55. g6 Kb8 56. Bc4 Kxb7 1-0